Elves in Lord of the Rings and The Hobbit by Screen Time - Statistics

General Stats
  • This quiz has been taken 22 times
  • The average score is 5 of 8
Answer Stats
Total Screen Time in The Hobbit Total Screen Time in Lord of the Rings Answer % Correct
9 min 15 sec 10 min 15 sec Galadriel
89%
17 min 0 Thranduil
79%
0 1 min 45 sec Celeborn
74%
0 3 min Haldir
63%
19 min 15 sec 0 Tauriel
63%
17 min 30 sec 39 min 15 sec Legolas Greenleaf
42%
10 min 13 min Elrond Halfelven
37%
0 15 min 45 sec Arwen Undomiel
32%
No matching quizzes found
Score Distribution
Percent of People with Each Score
Percentile by Number Answered
Your Score History
You have not taken this quiz